000 01094nam a22003257a 4500
001 BR8000298
003 BR-BrBNA
005 20230928090517.0
007 ta
008 230509b bl.||||| |||| 00| 0 por d
040 _aBR-BrBNA
_bpor
_cBiblioteca Nacional de Agricultura
041 _a(Por)
072 _aE15; E70
_b0336
_b/G514
090 _ 0336 BR8000298
110 1 _aFundacao de Economia e Estatistica, Porto Alegre, RS (Brasil)
_94853
245 1 _aMercado e custos de producao da soja [Glycine MAX; Brasil]
_bConvenio: FEE/CODESUL - Conselho de Desenvolvimento do Extremo Sul
246 1 _a[Soybean market and production costs [Glycine max; Brazil]]
_b[The FEE/CODESUL Convention: Far South Development Board]
260 3 _aPorto Alegre, RS (Brasil):
_c1979.
300 _a120 p.
500 _a46 tables
650 _aMicroeconomia
650 _aComercializacao
650 _aSoja
650 _aCusto de Producao
650 _aMercado internacional
650 _aPreco minimo
650 _aPolitica comercial
909 _a202309
_bLucia
_c55
_dLucia Elande
942 _cBK
999 _c29143
_d29143